| 000 | 01367cam a2200349 i 4500 | ||
|---|---|---|---|
| 999 |
_c354246 _d354246 |
||
| 001 | 17682819 | ||
| 003 | NUST | ||
| 005 | 20180118125813.0 | ||
| 008 | 130403s2012 ii b 001 0 eng | ||
| 010 | _a 2013316782 | ||
| 020 | _a9788131771662 | ||
| 025 | _aI-E-2013-316782; 63-01 | ||
| 037 | _bLibrary of Congress -- New Delhi Overseas Office | ||
| 040 |
_aDLC _beng _erda _cDLC _dDLC |
||
| 042 |
_alcode _apcc |
||
| 043 |
_ad------ _aa-ii--- |
||
| 050 | 0 | 0 |
_aJZ1242 _b.I5766 2012 |
| 082 | _a327 INT 2012 | ||
| 245 | 0 | 0 |
_aInternational relations : _bperspectives for the global south / _cedited by Bhupinder S. Chimni, Siddharth Mallavarapu. |
| 264 | 1 |
_aDelhi : _bPearson, _c[2012] |
|
| 300 |
_axxiv, 472 pages ; _c24 cm |
||
| 336 |
_atext _2rdacontent |
||
| 337 |
_aunmediated _2rdamedia |
||
| 338 |
_avolume _2rdacarrier |
||
| 504 | _aIncludes bibliographical references and index. | ||
| 651 | 0 |
_aDeveloping countries _xForeign relations. _98766 |
|
| 651 | 0 |
_aIndia _xForeign relations. _98767 |
|
| 700 | 1 |
_aChimni, B. S., _d1952- _eeditor of compilation. _98768 |
|
| 700 | 1 |
_aMallavarapu, Siddharth, _eeditor of compilation. _98769 |
|
| 856 | 4 | 1 |
_3Table of contents only _uhttp://www.loc.gov/catdir/toc/fy14pdf03/2013316782.html |
| 906 |
_a7 _bcbc _corigode _d3 _encip _f20 _gy-gencatlg |
||
| 942 |
_2ddc _cBK |
||